000 00817nam a2200265Ia 4500
003 OSt
005 20220928122221.0
006 a|||||r|||| 00| 0
007 ta
008 220927b |||||||| |||| 00| 0 eng d
020 _cUSD 117.95
024 _a133694
037 _b59, 15/03/2017, Excel Book International
_cTextual
040 _aSDCL
_cSDCL
_beng
041 _2eng
_aeng
082 _aD6,8(B2895), Q3
100 _aKorn Granino A.
_9456661
245 0 _aAdvanced dynamic system simulation
_b Model replication and Monte Carlo Studies(with cd)
250 _a2
260 _aHoboken
_bWiley
_c2013
300 _axiv,260p.
_ccm.
650 _aI I C
942 _hD6,8(B2895), Q3
_cTEXL
_2CC
999 _c770240
_d770240